| 000 | 00745nam a2200253Ia 4500 | ||
|---|---|---|---|
| 003 | OSt | ||
| 005 | 20220918185357.0 | ||
| 006 | a|||||r|||| 00| 0 | ||
| 007 | ta | ||
| 008 | 220917b |||||||| |||| 00| 0 eng d | ||
| 024 | _a50,787 | ||
| 037 | _cTextual | ||
| 040 |
_aARTS _cARTS _beng |
||
| 041 |
_2eng _aeng |
||
| 082 | _aP111.4.9G0, M2 (BB) | ||
| 100 |
_aAggarwal Narindar K comp _968821 |
||
| 245 | 0 |
_aEnglish in South Asia _b a bibliographical survey of Resources |
|
| 260 |
_aGurgaon _bIndian Documentation Service _c1982 |
||
| 300 |
_axiv,188p. _ccm. |
||
| 500 | _aBib 1-4 (1-19) | ||
| 650 | _aLINGUISTICS | ||
| 942 |
_hP111.4.9G0, M2 (BB) _cTEXL _2CC |
||
| 999 |
_c180382 _d180382 |
||